000 01042nab a22002297a 4500
999 _c6257
_d6257
003 OSt
005 20260128020823.0
008 190514b xxu||||| |||| 00| 0 spa d
040 _cPJ
100 _92251
_aFlah, Lily R.
245 1 3 _aEl Civil y Comercial de la Nación, las directivas anticipadas y su interacción con la jurisprudencia /
_cLily R. Flah, Rosana I. Aguilar.
300 _ap. 76-86
500 _aCita: TR LALEY AR/DOC/2505/2025.
505 _aSumario: I. Introducción.— II. El derecho a la autodeterminación como derivación del principio de dignidad humana.— III. Las directivas anticipadas en la legislación nacional.
505 _tSi te interesa el texto, comunicate a koha@justierradelfuego.gov.ar
650 0 _9967
_aDERECHO DE FAMILIA
650 0 _91497
_aCODIGO CIVIL Y COMERCIAL
650 0 _91057
_aJURISPRUDENCIA APLICABLE
700 _93801
_aAguilar, Rosana I.
773 0 _02844
_93222
_dBuenos Aires : AbeledoPerrot, 1989-
_tDerecho de familia. N° 122 - Noviembre 2025
_z18511201
942 _2udc
_cANA